000 00768cam a22002171 4500
001 war13000127
003 DLC
005 20260227112810.0
008 780427s1912 ksu 000 0 eng c
010 _awar13000127
035 _a(OCoLC)3832653
040 _aLibrary, War College Div. General Staff
_cPCarlMH
_dOCoLC
_dDLC
050 0 0 _aUC267
_b.P7
100 1 _aPorter, John Biddle,
_d1858-1915.
245 0 0 _aArmy contracts.
_cA course of three lectures delivered before the student officers of the Army service schools by Lieutenant-Colonel J.B. Porter.
260 _aFort Leavenworth, Kan.
_b[School Press]
_c1912.
300 _a84 p.
_c20 cm.
500 _aCover title.
610 1 0 _aUnited States.
_bArmy
_xProcurement.
710 2 _aArmy Service Schools (U.S.)
999 _c92214
_d92214